000 00673nam a2200229Ia 4500
003 OSt
005 20220925215319.0
006 a|||||r|||| 00| 0
007 ta
008 220923b |||||||| |||| 00| 0 eng d
037 _cGeneral Book
040 _aRTL
_cRTL
_beng
041 _2eng
_aeng
082 _aX9(F555):(B).3.N8, M3
100 _aMotamen Homa
_9280872
245 0 _aMacroceconomics of north sea oil in the United Kin
260 _aLondon
_bHeinemann UK
_c1983
300 _axi, 164p. Bib p. 147-58
_ccm.
650 _aPetroleum Industry
942 _hX9(F555):(B).3.N8, M3
_cGB
_2CC
999 _c568480
_d568480